| 000 | 00502 a2200193 4500 | ||
|---|---|---|---|
| 001 | 61991 | ||
| 005 | 20260407155913.0 | ||
| 008 | 260407a1948 arg spa d | ||
| 003 | AR-UNSa-BCEJYS | ||
| 040 |
_aAR-UNSa-BCEJYS _bspa _cAR-UNSa-BCEJYS |
||
| 080 |
_a349.2 _xDerecho del Trabajo |
||
| 245 | 1 | 0 | _aDerecho del trabajo |
| 264 | 1 |
_aBuenos Aires : _bEDIAR _c1948 |
|
| 300 |
_a4 v. _c23 cm. |
||
| 041 | _aspa | ||
| 942 | _cBK | ||
| 590 | _aniveau_biblio:m niveau_hierar:0 | ||
| 100 | 1 | _aPozzo, Juan D. | |
| 999 |
_c7522 _d7522 |
||